Most Capable Fighter Jets 2020 - Statistics

General Stats
  • This quiz has been taken 545 times
  • The average score is 6 of 15
Answer Stats
Hint Country Answer % Correct
1 USA F-22 Raptor
97%
3 USA F-35
97%
2 Russia Su-57
80%
12 USA F-18 Superhornet
63%
9 Russia Su-35
58%
6 Multiple Eurofighter
57%
7 France Dassault Rafale
28%
14 Russia Mig 31
28%
13 Russia Su-33
27%
15 Russia Mig 25
18%
5 China Chengdu J-20
15%
8 USA F-15 EX
6%
10 USA F15E Strike Eagle
2%
4 China Shenyang J-31
1%
11 Russia Su- 30MKI
1%
No matching quizzes found
Score Distribution
Percent of People with Each Score
Percentile by Number Answered
Your Score History
You have not taken this quiz